| 000 | 00749cam a2200205 4500 | ||
|---|---|---|---|
| 001 | J128056 | ||
| 008 | 041119n2004 000 0 eng u | ||
| 035 | _a(Sirsi) u128056 | ||
| 041 | _aeng. | ||
| 050 |
_a711.52 _c18 |
||
| 245 | 4 | _aThe A-Z of regeneration consultants 2004/05 | |
| 260 |
_aLondon _bRegeneration and Renewal _c2004 |
||
| 300 |
_a35p. _c30cm. |
||
| 520 | _aMore than 400 regeneration consultants are detailed in this supplement. Covers every aspect of the sector including: general services; economic, business and skills development; land, property, planning and transport; and neighbourhood and community | ||
| 650 | _aDIRECTORY | ||
| 650 | _aREGENERATION | ||
| 650 | _aCONSULTANTS | ||
| 690 | _aREGENERATION | ||
| 942 | _n0 | ||
| 999 |
_c103864 _d103864 |
||